000 00382nam a2200145Ia 4500
008 230917s9999||||xx |||||||||||||| ||und||
040 _e111641
_aMAIN
041 _aEnglish
082 _a860 M348H:C
100 _aHaldar, Santwana
245 0 _aChronicle of a death foretold: A reader's companion
260 _aNew Delhi
_bAsia Book Club
_c2005
300 _a160 p.
942 _cBK
999 _c130832
_d130832